000 00474nam a2200157 i 4500
001 bg
100 1 _aIszkowski, Wacław
_d(1949- ).
245 0 _aProjektowanie systemów operacyjnych w ujęciu syntetycznym /
_cW. Iszkowski, M. Kalinowska-Iszkowska, M. Maniecki.
260 _aWarszawa,
_c1987.
700 1 _aKalinowska-Iszkowska, Małgorzata.
700 1 _aManiecki, Marek.
040 _cBPK
041 _apol
942 _cKS
008 s pl f |000 0 pol
999 _c3475
_d3475
856 _uhttp://koha.tu.koszalin.pl/cgi-bin/koha/opac-detail.pl?biblionumber=3475
_yKatalog online BPK